| 000 | 01042cam a22003377a 4500 | ||
|---|---|---|---|
| 003 | CHAP | ||
| 005 | 20220817043228.0 | ||
| 008 | 971013s1989 r 00010 d | ||
| 010 | _a69088 | ||
| 011 | _a70060 | ||
| 035 | _a79540 | ||
| 040 | _cCHAP | ||
| 082 |
_a634.956 _bF44 |
||
| 110 | 2 | _aFAO | |
| 245 | 1 | 0 | _aSuivi et évaluation des prójects de foresterie communautaire |
| 260 |
_aRome : _bFAO, _c1989 |
||
| 300 | _a93 p. | ||
| 490 | 0 |
_aFAO. Montes _v; 60 |
|
| 590 |
_aBATCH-UPD _b10 _c20130110 _lUCH01 _h0544 |
||
| 590 |
_aBATCH-UPD _b10 _c20130410 _lUCH01 _h0225 |
||
| 590 |
_aBATCH-UPD _b10 _c20130914 _lUCH01 _h1146 |
||
| 590 |
_aCONVERSION _b10 _c20130109 _lUCH01 _h1338 |
||
| 650 | 1 | 4 |
_aDesarrollo de la comunidad rural _xAfrica. _931996 |
| 650 | 1 | 4 |
_aDesarrollo de la comunidad rural _xAsia. _931998 |
| 650 | 1 | 4 |
_aForestación _xAfrica. _942340 |
| 650 | 1 | 4 |
_aForestación _xAsia. _942342 |
| 830 | 0 |
_aFAO. Montes _v; 60 _939632 |
|
| 901 | _aBK | ||
| 942 | _cLIBRO | ||
| 949 |
_a634.956 F44 _bBC _cFAO _d-32429 _eFAO1 _h76177 _i79540 _mD _si |
||
| 999 |
_c69088 _d69088 |
||